000 00792nam a2200253 a 4500
001 000047594
003 DO-SdBNP
005 20230117143515.0
007 ta
008 180703s2017 dr ac 000 0 spa d
020 _a9789945089882
040 _aDO-SdBNP
_bspa
_cBNPHU
082 4 _bV235p
_222
100 1 _aValenzuela, Edgar
_96575
245 1 3 _aLa profecía de Liborio :
_b(drama) /
_cEdgar Valenzuela.
250 _a2a. ed.
260 _aSanto Domingo, :
_bEditores Brujos,
_c2017
300 _a110 p. :
_bilustraciones, retratos ;
_c22 cm.
500 _aIncluye datos biográficos del autor en la solapa de la cubierta.
504 _aBibliografía: p. 111
586 _a3er. lugar en los Premios de Casa de Teatro, 2016
590 _aInventariado, 2018/ YL
942 _2ddc
_cLBS1
999 _c47082
_d47082